000 00470nam a2200181Ia 4500
001 19343
005 20260306172646.0
008 260306t2006||||xx |||||||||||||| ||spa||
041 _aESP
082 _a658.8342
_bR93
100 _aRuiz de Maya, Salvador (Coord.)
_eAUT
245 0 _aComportamientos de compra del consumidor:
_b29 casos reales
260 _c2006
300 _a389 páginas :
_c24 cm.
650 _aGEN
654 _aCAN
942 _cLIB
_dJUS
_fJUS
_2ddc
_n
999 _c19343
_d19343